Postulados de un órden internacional (Record no. 73725)

MARC details
000 -LEADER
campo de control de longitud fija 00654nam a2200169 i 4500
001 - NÚMERO DE CONTROL
campo de control 73725
003 - IDENTIFICADOR DE NÚMERO DE CONTROL
campo de control ES-MaACL
005 - FECHA Y HORA DE LA ÚLTIMA TRANSACCIÓN
campo de control 20230906171914.0
007 - CAMPO FIJO DE DESCRIPCIÓN FÍSICA--INFORMACIÓN GENERAL
campo de control de longitud fija t|
008 - DATOS DE LONGITUD FIJA--INFORMACIÓN GENERAL
campo de control de longitud fija 040910s1943 sp ||||1| spa d
100 1# - ENTRADA PRINCIPAL--NOMBRE DE PERSONA
Nombre de persona Gonella, Guido.
9 (RLIN) 58238
245 10 - MENCIÓN DEL TÍTULO
Título Postulados de un órden internacional
Resto del título : notas a los mensajes de S.S. Pío XII publicados en "L'Osservatore Romano" /
Mención de responsabilidad, etc. Guido Gonella ; traducción española de José Mª Sánchez de Muniain.
260 ## - PUBLICACIÓN, DISTRIBUCIÓN, ETC.
Lugar de publicación, distribución, etc. Madrid :
Nombre del editor, distribuidor, etc. Editorial Católica,
Fecha de publicación, distribución, etc. [1943] (
Fabricante Galo Saéz)
300 ## - DESCRIPCIÓN FÍSICA
Extensión 345 p. ;
Dimensiones 22 cm.
700 1# - ENTRADA AGREGADA--NOMBRE PERSONAL
Nombre de persona Sánchez de Muniain y Gil, José María.
9 (RLIN) 102590
852 ## - LOCALIZACIÓN
Ubicación ES-MaACL
Número de control de estantería F-15681
Sublocalización o colección R.20009
Holdings
Estatus retirado Estado de pérdida Estado de daño No para préstamo Biblioteca de origen Biblioteca actual Ubicación en estantería Fecha de adquisición Fuente de adquisición Total de préstamos Signatura topográfica completa Código de barras Visto por última vez Precio de reemplazo Tipo de ítem Koha
        Biblioteca del Ateneo de Madrid Biblioteca del Ateneo de Madrid Sala Pecera Planta 2 17/01/2008     F-15681 1077168 23/02/2023 23/02/2023 Libro impreso